| 000 | 01643cam a2200421 a 4500 | ||
|---|---|---|---|
| 999 |
_c1141 _d1141 |
||
| 001 | (Sirsi) a693006 | ||
| 003 | OSt | ||
| 005 | 20211206102738.0 | ||
| 008 | 110524s2010 mau d 000 1 eng d | ||
| 010 | _a2010004645 | ||
| 020 | _a9780763649685 (hard) : | ||
| 020 | _a0763649686 (hard) | ||
| 040 |
_aDLC _cDLC _dIG# _dBTCTA _dLB4 _dDAD _dVP@ _dEHH _dTAE _dKH8 |
||
| 042 | _anbic | ||
| 043 |
_ae-uk-en _ae-uk--- |
||
| 082 | _aFIC LEE | ||
| 100 | 1 |
_aLee, Y. S. _q(Ying S.), _d1974- |
|
| 245 | 1 | 4 |
_aThe body at the tower / _cY.S. Lee. |
| 250 | _a1st U.S. ed. | ||
| 260 |
_aSomerville, Mass. : _bCandlewick Press, _c2010. |
||
| 300 |
_a337 p. ; _c22 cm. |
||
| 440 |
_aThe Agency ; _nbk. 2. |
||
| 500 | _a"A Mary Quinn mystery"--Jacket. | ||
| 520 | _aAs a nearly full-fledged member of the Agency, the all-female detective unit based in Miss Scrimshaw's Academy for Girls, Mary Quinn, disguised as a poor apprentice builder, must brave the sinister underworld of Victorian London in order to unmask a murderer. | ||
| 650 | 0 |
_aSex role _vJuvenile fiction. |
|
| 650 | 0 |
_aOrphans _vJuvenile fiction. |
|
| 650 | 0 |
_aMurder _vJuvenile fiction. |
|
| 650 | 1 |
_aSex role _vFiction. |
|
| 650 | 1 |
_aOrphans _vFiction. |
|
| 650 | 1 |
_aMurder _vFiction. |
|
| 651 | 0 |
_aLondon (England) _xHistory _y19th century _vJuvenile fiction. |
|
| 651 | 0 |
_aGreat Britain _xHistory _yVictoria, 1837-1901 _vJuvenile fiction. |
|
| 651 | 1 |
_aLondon (England) _xHistory _y19th century _vFiction. |
|
| 651 | 1 |
_aGreat Britain _xHistory _yVictoria, 1837-1901 _vFiction. |
|
| 655 | 0 | _aHistorical mystery fiction. | |
| 655 | 0 | _aMystery and detective stories. | |
| 942 |
_2ddc _cFIC |
||